000 00410 a2200157 4500
001 44954
020 _a9788599993354
040 _cAnchieta - Aquarius
100 _aFollador, Solange
240 1 0 _aCosme, o afro baianinho em "ginga à bolonhesa".
_lpor
245 1 0 _aCosme, o afro baianinho em "ginga à bolonhesa".
300 _a27
362 0 _a2011
650 4 _aLiteratura infanto-juvenil
942 _cBK
999 _c44954
_d44954